000 00344nam a2200145Ia 4500
005 20251222153551.0
008 251222s9999||||xx |||||||||||||| ||spa||
020 _a8495787229
082 _a813.54/F54
100 _aFisher, Mark
245 0 _aEl Millonario Instantáneo
250 _a1ra.ed.
264 _bEdiciones Urano,S.A.
942 _cLIB
999 _c30864
_d30864